banner koha

A tribo Microlicieae (Melastomataceae) no estado do Paraná (Registro n. 330242)

MARC details
000 -LÍDER
fixed length control field 02229nab a2200265 i 4500
003 - CÓDIGO MARC DA AGÊNCIA CATALOGADORA
Campo de controle BR-BrBNA
005 - DATA E HORA DA ÚLTIMA ATUALIZAÇÃO
Campo de controle 20250306153934.0
008 - CAMPO DE TAMANHO FIXO
fixed length control field 250306b2015 bl.qr|pooa||| 00| 0 por |
040 ## - FONTE DA CATALOGAÇÃO
Agência catalogadora BR-BrBNA
Idioma da catalogação por
072 ## - CATEGORIA AGRIS
Código AGRIS F70
100 ## - ENTRADA PRINCIPAL - NOME PESSOAL
Nome pessoal Goldenberg, Renato
100 ## - ENTRADA PRINCIPAL - NOME PESSOAL
Nome pessoal Bacci, Lucas Freitas
100 ## - ENTRADA PRINCIPAL - NOME PESSOAL
Nome pessoal Moraes, Juliana Wilgozz
245 ## - TÍTULO PRINCIPAL
Título principal A tribo Microlicieae (Melastomataceae) no estado do Paraná
500 ## - NOTA GERAL
Nota geral Publicação on-line; 30 ref.; 1 illus.; Summaries (En, Pt)
942 ## - ADDED ENTRY ELEMENTS (KOHA)
Koha item type Analítica
520 ## - NOTA DE RESUMO
Nota de conteúdo <br/><br/>Resumo<br/><br/>Os gêneros Chaetostoma, Lavoisiera, Microlicia, Rhynchanthera e Trembleyasão os representantes da tribo<br/>Microlicieae no estado do Paraná, com nove espécies: C. armatum, L. imbricata, L. pulchella, M. myrtoidea,<br/>R. brachyrhyncha, R. cordata, R dichotoma, T. parviflora e T. phlogiformis. Neste trabalho foi elaborado o<br/>tratamento taxonômico para as espécies de Microlicieae no estado, com chaves de identificação, descrições<br/>morfológicas, comentários, ilustrações e informações sobre distribuição geográfica das espécies, além da<br/>lista de materiais examinados.<br/><br/>Palavras-chave: Chaetostoma, Lavoisiera, Microlicia, Rhynchanthera, taxonomia, Trembleya.<br/><br/><br/><br/><br/>Abstract<br/><br/>The genera Chaetostoma, Lavoisiera, Microlicia, Rhynchanthera and Trembleya in the tribe Microlicieae<br/>occur in the state of Paraná, with nine species: C. armatum, L. imbricata, L. pulchella, M. myrtoidea, R.<br/>brachyrhyncha, R. cordata, R dichotoma, T. parviflora and T. phlogiformis. We present a taxonomic <br/>treat- ment for the species of Microlicieae for the state, with identification keys, descriptions, comments, drawings,<br/>information on geographic distribution and specimen lists.<br/><br/>Key words: Chaetostoma, Lavoisiera, Microlicia, Rhynchanthera, taxonomy, Trembleya.
650 ## - ASSUNTO - THESAGRO
Cabeçalho tópico ou nome geográfico TAXONOMIA
650 ## - ASSUNTO - THESAGRO
Cabeçalho tópico ou nome geográfico MELASTOMATACEAE
650 ## - ASSUNTO - THESAGRO
Cabeçalho tópico ou nome geográfico ESPÉCIE
650 ## - ASSUNTO - THESAGRO
Cabeçalho tópico ou nome geográfico PARANÁ
773 0# - ENTRADA ANALÍTICA
Host Biblionumber 709
Registro do item 348886
Imprenta Rio de Janeiro-RJ Jardim Botanico do Rio de Janeiro 1935
Outro identificador 2025-1382
Título Rodriguésia (Brazil)
ISSN 0370-6583; 2175-7860 on-line
Colação v. 66(1) p. 155-165; (2015)
Número de controle de registro BR2024004988
856 ## - ACESSO E ENDEREÇO ELETRÔNICO
Identificador uniforme de recurso - URI https://www.scielo.br/j/rod/a/km6NYfzsRTfd8Jd3R7tqccv/?format=pdf&lang=pt

Nenhum exemplar disponível.

BINAGRI

Telefone: (61)3218-2567/2388/3357/2097 - binagri@agro.gov.br

Ministério da Agricultura e Pecuária , Esplanada dos Ministérios, Bloco D, Anexo B, Brasília/DF, CEP: 70.043-900